| 000 | 00385 a2200169 4500 | ||
|---|---|---|---|
| 001 | 50314 | ||
| 020 | _a8520916554 | ||
| 040 | _cAnchieta - Bela Vista | ||
| 100 | _aMachado, Ana Maria | ||
| 240 | 1 | 0 |
_aO prÃncipe que bocejava _lpor |
| 245 | 1 | 0 | _aO prÃncipe que bocejava |
| 300 | _a24 | ||
| 362 | 0 | _a2004 | |
| 440 | 1 | _aNova Fronteira | |
| 650 | 4 | _aLiteratura juvenil | |
| 942 | _cBK | ||
| 999 |
_c50314 _d50314 |
||